01342nam a2200301 i 4500001001900000003000600019005001700025008004100042015001900083016001800102020003800120035002100158035002600179035001800205040003800223041001200261100007700273245010500350264003100455300002700486500003100513504005100544520030000595650004400895650004800939650002500987650002801012990233844070107026UkOxU20260304111009.0221003r20232022enk b 001|0|eng|d aGBC2L79992bnb7 a0208309262Uk a9780753558263qpaperbackcĐ11.99 a(UkOxU)023384407 a(UkOxU)023384407BIB01 a(Uk)020830926 aStDuBDSbengerdacStDuBDSdUkOxU aEnglish aRamirez, Janina,d1980-eauthor.1https://isni.org/isni/000000010200484710aFemina b: a new history of the Middle Ages, through the women written out of it c/ Janina Ramirez. 1aLondon :bWH Allen,c2023. axv, 447 pages ;c20 cm aOriginally published 2022. aIncludes bibliographical references and index. aAn instant bestseller and one of the most celebrated history books of the year, Femina reveals the power and influence of medieval women who have been written out of our history. From royalty and religion to fame and fury, see the medieval world - and the women erased from it - with fresh eyes. 0aWomen -- History Middle Ages, 500-1500. 0aWomen -- Social conditions History To 1500. 0aFeminism -- History. 0aCivilization, Medieval.